000 00909nas a2200313 4500
001 BR9901403
003 BR-BrBNA
005 20231205101316.0
007 ta
008 230509b bl.|||p| |||| 00| 00por d
040 _aBR-BrBNA
_bpor
_cBiblioteca Nacional de Agricultura
041 _a(Pt)
072 _aF07
100 1 _aSilva, A.B. da
100 1 _aResende, M.
100 1 _aSousa, A.R. de
100 1 _aMargolis, E.
245 1 _aMobilizacao do solo, erosao e produtividade de milho e feijao em um regossolo no agreste pernambucano
650 _aMilho
650 _aFeijao
650 _aManejo do Solo
650 _aEscoamento
650 _aRegossolo
650 _aAgua
650 _aPernambuco
773 0 _tPesquisa Agropecuaria Brasileira (Brazil)
_xISSN 0100-204X
_g(Feb 1999), v. 34(2) p. 299-307
_wBR9901403
909 _a202311
_bLúcia
_c55
_dLúcia Elande
942 _2AGRIS
_n0
_cANA
999 _c161047
_d161047